000 00186nam a22000857a 4500
001 1259010
005 20260413085933.0
245 _aJURNAL
_cCEMİL MERİÇ
260 _bİLETİŞİM YAYINLARI
999 _c1259010
_d1259010